Pokémon 7G - Statistiques

Statistiques générales
  • Ce quiz a été pris 115 fois
    14 depuis la dernière actualisation
  • Le résultat moyen est 18 sur 50
Statistiques - réponses
Hint Réponse % Correct
1 Brindibou
77%
3 Otaquin
69%
2 Flamiaou
54%
36 Bébécaille
46%
C Feunard
46%
B Goupix
46%
H Ossatueur
46%
I Rattata
46%
J Rattatac
46%
D Sabelette
46%
E Sablaireau
46%
6 Argouste
38%
8 Chrysapile
38%
7 Larvibule
38%
9 Lucanon
38%
39 Lunala
38%
5 Manglouton
38%
F Miaouss
38%
A Noadkoko
38%
16 Rocabot
38%
38 Solgaleo
38%
37 Tokorico
38%
14 Tritox
38%
34 Bacabouh
31%
11 Bombydou
31%
21 Bourrinos
31%
24 Chelours
31%
31 Concombaffe
31%
33 Crabagarre
31%
18 Croquine
31%
26 Floramantis
31%
29 Froussardine
31%
19 Guérilande
31%
25 Mimantis
31%
22 Mimiqui
31%
23 Nounourson
31%
4 Picassaut
31%
28 Plumeline
31%
G Raichu
31%
20 Tiboudet
31%
13 Togedemaru
31%
35 Trépassable
31%
32 Boumata
23%
12 Denticrisse
23%
27 Meteno
23%
15 Dodoala
15%
10 Draïeul
15%
40 Magearna
15%
17 Sovkipou
15%
30 Spododo
15%
Aucun quiz correspondant
Distribution des résultats
% des personnes avec chaque résultat
Percentile par nombre de réponses
Votre historique - résultats
Vous n’avez pas pris ce quiz depuis la dernière actualisation